|
|
|
|
| LEADER |
01664cam a22003855a 4500 |
| 001 |
27223 |
| 005 |
20130711124712.0 |
| 007 |
ta |
| 008 |
130713s2012 ii a g b 100 0 eng d |
| 010 |
|
|
|a 2012335965
|
| 020 |
|
|
|a 9381904014
|
| 020 |
|
|
|a 9789381904015
|
| 025 |
|
|
|a I-E-2012-335965; 79-01
|
| 035 |
|
|
|a (OCoLC)ocn786126676
|
| 035 |
|
|
|a (OCoLC)786126676
|
| 037 |
|
|
|a Library of Congress -- New Delhi Overseas Office
|
| 040 |
|
|
|a DKAGE
|b eng
|c DKAGE
|d DLC
|d BD-DhAAL
|
| 050 |
|
4 |
|a HF1359
|b .G56 2012
|
| 082 |
0 |
4 |
|a 337
|2 23
|
| 999 |
|
|
|c 13659
|d 13659
|
| 999 |
|
|
|c 13659
|
| 999 |
|
|
|c 13659
|
| 245 |
0 |
0 |
|a Globalization and development :
|b current trends /
|c edited by Shantanu Chakrabarti, Kingshuk Chatterjee.
|
| 260 |
|
|
|a Kolkata :
|b Institute of Foreign Policy Studies, Calcutta University ;
|a New Delhi :
|b KW Publishers,
|c c2012.
|
| 300 |
|
|
|a xi, 169 p. :
|b ill. ;
|c 24 cm.
|
| 504 |
|
|
|a Includes bibliographical references.
|
| 520 |
|
|
|a Papers presented at a conference held at New York City during 18-19 November 2010.
|
| 541 |
|
|
|e 27223
|
| 650 |
|
0 |
|a Globalization
|x Economic aspects
|v Congresses.
|9 2265
|
| 700 |
1 |
|
|a Chakrabarti, Shantanu.
|9 2266
|
| 700 |
1 |
|
|a Chatterjee, Kingshuk.
|9 2267
|
| 710 |
2 |
|
|a University of Calcutta.
|b Institute of Foreign Policy Studies.
|9 2268
|
| 942 |
|
|
|2 ddc
|c BK
|
| 952 |
|
|
|0 0
|1 0
|2 ddc
|4 0
|6 337_000000000000000_GLO
|7 0
|9 22888
|a IGS
|b IGS
|c GEN
|d 2013-07-10
|e Development Book Agency
|g 765.00
|l 0
|o 337 GLO
|p 3010027223
|r 2013-07-10
|t 1
|w 2013-07-10
|y BK
|
| 952 |
|
|
|0 0
|1 0
|2 ddc
|4 0
|6 337_000000000000000_GLO
|7 0
|9 56345
|a CED
|b CED
|c GEN
|d 2015-10-18
|e Development Book Agency
|g 890.00
|l 0
|o 337 GLO
|p 3010030040
|r 2015-10-18
|t 2
|w 2015-10-18
|y BK
|